00249nam a2200097Ia 450000100070000000500170000700800410002424500480006526000310011330000070014458910620250717120842.0250717s9999 xx 000 0 und d 0aX-3 ALTIN YILDIZ YARIŞMASIcALICE HEMMING bİNDİGO YAYINLARIc2018 b20